000
00219nam a2200085Ia 4500
245
0
_a
Bright light
100
_a
JENNINGS, Terry J. London, 2009
_9
76061
942
_c
BK
008
210819s9999 xx 000 0 und d
999
_c
285177
_d
285176